000 00476cam a2200169ua 4500
020 _a81 85939 01 2
041 _aeng
_h
082 _a028.7866
_bKIS/IN
100 _aKishore, Singh .
245 _aIntelluctual property rights on bio-technology: A status report /
_cKishore singh.
_hTextual Documents
250 _a1 /
_b.
260 _aNewdelhi :
_bBio-tech construction India ltd ,
_c1993.
300 _a130 ; .
504 _a
942 _cBK
999 _c8886
_d8886